All Squid Game Games - Statistics

General Stats
  • This quiz has been taken 172 times
  • The average score is 14 of 20
Answer Stats
Picture Answer % Correct
Red Light, Green Light
95%
Dalgona
88%
Glass Stepping Stones
88%
Squid Game
88%
Marbles
85%
Hide And Seek
84%
Tug of War
80%
Jump Rope
78%
Mingle
78%
Russian Roulette
77%
Sky Squid Game
68%
Bathroom Brawl
65%
Lights out
62%
Rebellion
60%
Ddakji
57%
Gonggi
54%
Spinning Top
52%
Rock Paper Scissors, Minus One
51%
Flying Stone
50%
Jegi
45%
No matching quizzes found
Score Distribution
Percent of People with Each Score
Percentile by Number Answered
Your Score History
You have not taken this quiz